000
00499nas a22001697a 4500
008
210325b th ||||| |||| 00| 0 tha d
022
_a
08597871
041
0
_a
tha
245
1
0
_a
ตลาดหลักทรัพย์
260
3
_b
ตลาดหลักทรัพย์แห่งประเทศไทย
310
_a
รายเดือน
850
_a
NALT
942
_c
JNR
997
_c
49776
999
_c
89776
_d
89776